Estadísticas para Motes de pablo

Haz click aquí para intentar la prueba.

Estadísticas generales

  • Esta prueba ha sido intentada 7 veces
  • La puntuación promedio es 4 de 15

Estadísticas de respuestas

HintRespuesta% Correcto
2pablo
100%
1Blete
67%
4bletinson
67%
7bletaños
17%
3blete bletinson
17%
8blete the blet bletinson
17%
9blete the blet bletinson de bletonia
17%
10blete the blet bletinson de bletonia seferovic
17%
15gordo teton
17%
13labios de negro
17%
12manos de chorizo
17%
11manos de morcilla
17%
14negro negrata negroide
17%
5bletanzos
0%
6blete bletinson bletanzos
0%

Distribución de puntuación

Porcentaje por número respondido

Porcentaje de gente con cada puntuación

Historial de tus puntuaciones

No has intentado esta prueba.